| 000 | 02674nam a2200229Ia 4500 | ||
|---|---|---|---|
| 003 | Ost | ||
| 005 | 20260507075249.0 | ||
| 008 | 260507s9999||||xx |||||||||||||| ||und|| | ||
| 040 | _cfsecg | ||
| 041 | _aara | ||
| 082 | _a330 | ||
| 100 | _eمؤلف | ||
| 245 | 0 |
_aالاتجاهات الدولية الحديثة في منظمات الاعمال : _bالتحديات و الفرص و الآفاق / |
|
| 260 |
_aعمان: _bمكتبة المجتمع, _c2010 |
||
| 300 |
_a559 صفحة؛ _bإيضاحات ؛ _c24 سم |
||
| 504 | _aمراجع ص.559 | ||
| 520 | _aمنهج الكادر القدوة و دوره في التنمية الاجتماعية و الثقافية المستدامةفي المنظمة ، دور و اهمية التجارة الالكترونية و وآفاق تطورها في الدول العربية ، التجارة الايلكترونية و اشكالية جبايتها ، نظرية عربية في الادارة من أجل التنمية المستدامة ، مدى تطبيق معايير ادارة الجودة الشاملة في البنوك العاملة في فلسطين ، تحديد احتياجات المستثمرين للمعلومات ، تطبيق المصارف لمقررات لجنة البازل الثانية المتعلقة بالرقابة الداخلية ، دور و أثر بيانات قائمة التدفقات النقدية على قرارات المستثمرين ، دور لجنة بازل في تدويل قواعد ادارة البنوك ، مدى تطبيق شركات قطاع الكهرباء في الاردن لنظام التكاليف و الادارة حسب النشاط ، التحكم المؤسسي و دوره في تعزيز الاتجاهات الدولية الحديثة في التدقيق ، مدى تطبيق معايير التطبيق الداخلي المتعارف عليها في شركات التأمين الاردنية ، أهمية تطبيق المعيار المحاسبي الدولي (32) : الأدوات المالية و الافصاح و العرض و تأثيره على عرض القوائم المالية في البنوك التجالاية الاردنية ، أهمية التزام الشركات المساهمة الأردنية بتطبيق المعايير المحاسبية الدولية في إعداد التقارير المالية من وجهة نظر مدققي الحسابات ، استخدام طريقة معدل ساعة اشغال الماكنة MHR في احتساب التكاليف. | ||
| 653 | _aإدارة الاعمال | ||
| 653 | _aالتجارة | ||
| 653 | _aمنظمات الأعمال | ||
| 942 | _cكتاب | ||
| 999 |
_c43677 _d43677 |
||